00293 a2200109 4500001000700000020000600007040001100013100001900024240006800043245006300111362000900174158103 a  cMagnum aCivita, Victor10aEnciclopedia grandes personagens da historia universal/v.3lpor10aEnciclopedia grandes personagens da historia universal/v.30 a1899